1930 1891 1136 1589 1033 1850 1272 1542 1101 1137 1069 1273 1054 1669 1376 1185 1705 1684 1081 1487 1675 1874 1340 1612 1608 1764 1708 1623 1412 1881 1826 1093 1142 1372 1049 1339 1195 1671 1630 1977 1032 1916 1778 1504 1831 1978 1449 1187 1848 1816 1419 1622 1368 1149 1576 1235 1868 1350 1690 1835 1237 1176 1883 1278 1924 1629 1248 1958 1543 1614 1233 1728 1000 1747 1931 1209 1393 1854 1749 1006 1225 1015 1886 1089 1080 1548 1553 1415 1353 1243 1743 1452 1837 1411 1437 1258 1053 1135 1247 BCNSPRNW ULIB Ver.6.0+V

เปลี่ยนเป็นภาษาไทย

Change to English
 แสดงรายละเอียดบรรณานุกรม
  กลับหน้าหลัก

Brief Record : Get Marc (ISO 2709) : E-mail record : QR code < ปิดหน้าต่าง
LEADER : 00000nam 2200000uu 4500
001    13399109174
003     ULIB
008    110323s2553||||th 000 0 tha d
020    9789744141439
050  4 JQ1745 ^bค183ก 2553
100 0  คอตเลอร์, ฟิลิป
245 10 การตลาดสำหรับภาครัฐ =^bMarketing in public sector /^cผู้เขียน, Philip Kotler และ Nancy Lee
246 31 Marketing in public sector
250    พิมพ์ครั้งที่ 1
260    กรุงเทพฯ :^bเอ็กซเปอร์เน็ท,^c2553
300    438 หน้า :^bภาพประกอบ ;^c26 ซม.
440  0 ชุดเครื่องมือการบริหารสมัยใหม่
650  7 การบริหารรัฐกิจ^zไทย
650  7 การตลาด
945    ^p350^l0^i029952
945    ^p350^l0^i029951
995    เกษร
999 ^a ใช้งานได้ทุกระบบ
รายการนี้ยังไม่มีแท็ก
คุณยังไม่ได้ล็อกอิน คุณสามารถมีกิจกรรมร่วมกับเว็บไซต์ได้ แต่ต้องล็อกอินก่อน ::
  ล็อกอิน

รายการสื่อสารสนเทศ

ลำดับที่ ประเภท เลขเรียก/บาร์โค้ด สถานที่ สถานะ
- ไม่พบข้อมูล -

รายการใกล้เคียง
    ผู้แต่ง [คอตเลอร์, ฟิลิป]

    หัวเรื่อง [การตลาด]

BibComment


ยังไม่เคยถูกคอมเมนท์

คอมเมนท์ทรัพยากรรายการนี้
  คอมเมนท์: การตลาดสำหรับภาคร..


 Copyright 2026. Bcnsprnw @Library